The Bharathi I Knew/ (Record no. 205299)

MARC details
000 -LEADER
fixed length control field 00686 a2200217 4500
005 - DATE AND TIME OF LATEST TRANSACTION
control field 20240827124238.0
008 - FIXED-LENGTH DATA ELEMENTS--GENERAL INFORMATION
fixed length control field 080819t xxu||||| |||| 00| 0 eng d
010 ## - LCCN (DPL NO)
LC control number ENG-141459
020 ## - INTERNATIONAL STANDARD BOOK NUMBER
International Standard Book Number 9788196041335
Terms of availability 450.00
035 ## - SYSTEM CONTROL NUMBER
System control number EN-124991
037 ## - SOURCE OF ACQUISITION
Source of stock number/acquisition DBAD
040 ## - CATALOGING SOURCE
Original cataloging agency dpl
Language of cataloging English
082 ## - DEWEY DECIMAL CLASSIFICATION NUMBER
Classification number 871
Edition number 1
100 ## - MAIN ENTRY--PERSONAL NAME
9 (RLIN) 70564
Personal name Ammal, M.K. Yadhugiri
245 ## - TITLE STATEMENT
Title The Bharathi I Knew/
Statement of responsibility, etc By M.K. Yadhugiri Ammal
260 ## - PUBLICATION, DISTRIBUTION, ETC. (IMPRINT)
Place of publication, distribution, etc New Delhi
Name of publisher, distributor, etc Vitasta Publishing
Date of publication, distribution, etc 2023
270 ## - ADDRESS
Address 2/15, Ist Floor, Ansari Road, Darya Ganj
City New Delhi
State or province Delhi
Postal code 110002
300 ## - PHYSICAL DESCRIPTION
Extent 153p.:
Dimensions 22cm(pb)
650 ## - SUBJECT ADDED ENTRY--TOPICAL TERM
Topical term or geographic name as entry element Biography
General subdivision political
9 (RLIN) 70561
942 ## - ADDED ENTRY ELEMENTS (KOHA)
Institution code [OBSOLETE] dpl
Item type English Books
Source of classification or shelving scheme Dewey Decimal Classification
Classification part 871
Call number suffix AMM
Edition 1
Holdings
Withdrawn status Lost status Source of classification or shelving scheme Damaged status Not for loan Collection code Home library Current library Date acquired Source of acquisition Cost, normal purchase price Total Checkouts Full call number Barcode Date last seen Copy number Cost, replacement price Koha item type
    Dewey Decimal Classification     Non-fiction Central Library Central Library 27/08/2024 Delivery of Books Act Division 450.00   871 AMM EN-124991 27/08/2024 1 450.00 English Books

© Delhi Public Library
Hit Counter
free hit counter